00385nam a2200109Ia 4500008004100000082000800041100002000049245008800069942000600157952009700163999001500260240331s9999 xx 000 0 und d bREP aBoswell, D. ed. 0aRepresenting the Nation :bA reader, Histories, heritage and museand Museums reader cL 001040708LaWERCLbWERCLcSSCd2024-03-31l0o 907.2 REPp2958r2024-03-31w2024-03-31yL c3397d3397